Statistics for Town of Hempstead

Click here to take the quiz!

General Stats

  • This quiz has been taken 10 times
    (3 since last reset)
  • The average score is 39 of 59

Answer Stats

Village/HamletName% Correct
HamletBaldwin
100%
VillageFreeport
100%
VillageGarden City
100%
VillageHempstead
100%
HamletLakeview
100%
VillageLynbrook
100%
VillageMalverne
100%
VillageNew Hyde Park
100%
VillageRockville Centre
100%
VillageValley Stream
100%
VillageAtlantic Beach
67%
HamletBaldwin Harbor
67%
HamletBarnum Island
67%
HamletBay Park
67%
VillageBellerose
67%
HamletBellmore
67%
HamletBethpage
67%
VillageCedarhurst
67%
HamletEast Meadow
67%
VillageEast Rockaway
67%
HamletElmont
67%
VillageFloral Park
67%
HamletFranklin Square
67%
HamletHewlett
67%
VillageHewlett Harbor
67%
HamletInwood
67%
VillageIsland Park
67%
VillageLawrence
67%
HamletLevittown
67%
HamletLido Beach
67%
HamletMerrick
67%
VillageMineola
67%
HamletNorth Bellmore
67%
HamletNorth Lynbrook
67%
HamletNorth Merrick
67%
HamletNorth Valley Stream
67%
HamletOceanside
67%
HamletRoosevelt
67%
HamletSalisbury
67%
HamletSeaford
67%
HamletSouth Hempstead
67%
HamletSouth Valley Stream
67%
VillageStewart Manor
67%
HamletUniondale
67%
HamletWantagh
67%
HamletWest Hempstead
67%
VillageWoodsburgh
67%
HamletBellerose Terrace
33%
HamletEast Atlantic Beach
33%
HamletGarden City South
33%
HamletHarbor Isle
33%
VillageHewlett Bay Park
33%
VillageHewlett Neck
33%
HamletMalverne Park Oaks
33%
HamletNorth Wantagh
33%
HamletNorth Woodmere
33%
HamletPoint Lookout
33%
VillageSouth Floral Park
33%
HamletWoodmere
33%

Score Distribution

Percentile by Number Answered

Percent of People with Each Score

Your Score History

You have not taken this quiz since the last reset